| 000 | 00804nam a2200265 i 4500 | ||
|---|---|---|---|
| 001 | 000020588 | ||
| 003 | DO-SdBNP | ||
| 005 | 20231011153213.0 | ||
| 007 | ta | ||
| 008 | 100810s19? dr a 000 0 spa d | ||
| 040 |
_aDO-SdBNP _bspa _cBNPHU _erda |
||
| 082 | 4 |
_a372.61 _bT790a _222 |
|
| 245 | 0 | 0 |
_aTu amigo 4 : _blibro dominicano de lectura, cuarto grado de primaria |
| 264 |
_aSanto Domingo : _bSusaeta, _c[sin fecha] |
||
| 300 |
_a126 paginas. : _bilustraciones. ; _c26 cm. |
||
| 336 |
_2rdacontent _atexto _btxt |
||
| 337 |
_2rdamedia _asin mediación _bn |
||
| 338 |
_2rdacarrier _avolumen _bnc |
||
| 500 | _aCuarto grado de primaria | ||
| 590 | _aInventariado, 2023 / DG | ||
| 650 | 4 |
_aLengua y literatura _943315 |
|
| 650 | 4 |
_aLiteratura _xEnseƱanza _95023 |
|
| 910 | _aDG | ||
| 942 |
_2ddc _cLBS1 |
||
| 999 |
_c53958 _d53958 |
||